Albums by Cover Art - Yacht Rock - Statistics

General Stats
  • This quiz has been taken 181 times
  • The average score is 8 of 20
Answer Stats
Picture Answer % Correct
Eagles - Hotel California
92%
TOTO - TOTO IV
88%
Steely Dan - Can't Buy A Thrill
69%
Chicago - Chicago II
63%
The Doobie Brothers - Minute by Minute
52%
Christopher Cross - Christopher Cross
47%
Kenny Loggins - High Adventure
46%
Halls & Oates - Bigger Than Both of Us
38%
Gerry Rafferty - City to City
37%
Jimmy Buffett - Songs You Know By Heart
33%
James Taylor - JT
32%
Silk Degrees - Boz Scaggs
28%
Seals and Crofts - Summer Breeze
27%
Ambrosia - One Eighty
26%
Player - Player
24%
Looking Glass - Looking Glass
23%
Rupert Holmes - Partners in Crime
21%
Crosby, Stills & Nash - CSN
19%
Bobby Caldwell - Bobby Caldwell
17%
Pablo Cruise - World's Away
8%
No matching quizzes found
Score Distribution
Percent of People with Each Score
Percentile by Number Answered
Your Score History
You have not taken this quiz